| 000 | 00410nam a2200181Ia 4500 | ||
|---|---|---|---|
| 008 | 170918s9999 xx 000 0 und d | ||
| 020 | _a385504209 | ||
| 050 | _bB877 2003 | ||
| 100 | _aBrown, Dan | ||
| 245 | 4 | _aThe da vinci code / | |
| 245 | _cby Dan Brown. | ||
| 260 | _aUSA : | ||
| 260 | _bAnchor Books, | ||
| 260 | _c2003 | ||
| 300 | _a489 pages : | ||
| 300 | _billustrations ; | ||
| 300 | _c17cm. | ||
| 999 |
_c343505 _d343505 |
||